Reliez les paroles des chansons de Francis Cabrel à son titre - Statistiques

Statistiques générales
  • Ce quiz a été pris 1 303 fois
  • Le résultat moyen est 9 sur 13
Statistiques - réponses
Hint Réponse % Correct
"Moi je n'étais rien et voilà qu'aujourd'hui je suis le gardien du sommeil de ses nuits" Je l'aime à mourir
98%
"Petite furie, je me bats pour toi pour que dans dix mille ans de ça, on se retrouve à l'abri sous un ciel aussi joli que des milliers de roses" Petite Marie
89%
"Mon enfant nue sur les galets, le vent dans tes cheveux défaits, comme un printemps sur mon trajet, un diamant tombé d'un coffret" Je t'aimais, je t'aime, je t'aimerai
81%
"Depuis le temps que je patiente dans cette chambre noire, j'entends qu'on s'amuse et qu'on chante au bout du couloir" La corrida
81%
"D'abord vos corps qui se séparent, t'es seule dans la lumière des phares et t'entends à chaque fois que tu respires comme un bout de tissu qui se déchire" Encore et encore
77%
"Puisqu'on ne vivra jamais tous les deux, puisqu'on est fou, puisqu'on est seul, puisqu'ils sont si nombreux" L'encre de tes yeux
67%
"Le soir tombait de tout son poids au dessus de la rivière, je rangeais mes cannes" La Cabane du Pêcheur
66%
"Si c'est vrai qu'il y a des gens qui s'aiment, si les enfants sont tous les mêmes" Il faudra leur dire
58%
"Il rêvait d'une ville étrangère, une ville de filles et de jeux, il voulait vivre d'autres manières dans un autre milieu" Les murs de poussière
55%
"Le vent fera craquer les branches, la brume viendra dans sa robe blanche, y'aura des feuilles partout" Octobre
55%
"Elle te fera changer la course des nuages, balayer tes projets, vieillir bien avant l'âge" C'est écrit
50%
"Il arrive, elle le voit, elle le veut, et ses yeux font le reste, elle s'arrange pour mettre du feu dans chacun de ses gestes" Samedi soir sur la Terre
41%
"On croyait savoir tout sur l’amour depuis toujours,nos corps par cœur et nos cœurs au chaud dans le velours et puis te voilà, bout de femme" Sarbacane
38%
Aucun quiz correspondant
Distribution des résultats
% des personnes avec chaque résultat
Percentile par nombre de réponses
Votre historique - résultats
Vous n’avez pas pris ce quiz